Key performance indicators : developing, implementing, and using winning KPIs

Αποθηκεύτηκε σε:
Λεπτομέρειες βιβλιογραφικής εγγραφής
Κύριος συγγραφέας: Parmenter, David
Μορφή: Βιβλίο
Γλώσσα:English
Δημοσίευση: Hoboken, N.J. : John Wiley & Sons, c2015.
Έκδοση:3η έκδ.
Θέματα:
Ετικέτες: Προσθήκη ετικέτας
Δεν υπάρχουν, Καταχωρήστε ετικέτα πρώτοι!

MARC

LEADER 00000cam a2200000 a 4500
001 1/118243
008 190315t2015####nju| ||| |||| ||eng||
020 |a 9781118925102   |q (σκληρό εξώφυλλο)  
040 |a GR-MyUa  |b gre  |c GR-MyUa  |e AACR2 
041 0 |a eng 
082 7 |a 658.4013   |2 (23) 
100 1 |a Parmenter, David. 
245 1 0 |a Key performance indicators :   |b developing, implementing, and using winning KPIs /   |c David Parmenter.  
250 |a 3η έκδ.  
260 |a Hoboken, N.J. :   |b John Wiley & Sons,   |c c2015.  
300 |a xxxi, 407 σ. :   |b πίν. ;   |c 24 εκ.  
500 |a Includes a web-based 90-page toolkit.  
504 |a Ευρετήριο : σ. 399 - 407.  
650 0 |a Performance technology. 
650 0 |a Performance standards. 
650 0 |a Organizational effectiveness. 
852 |a INST  |b CHIOS  |e 20190315  |h 658.4013 PAR  |p 005200039364  |q 005200039364  |t BK  |y 0 
970 |a Παροικάκη  |b Βασιλική  |z 15-03-2019